| 000 | 00673nam a2200241Ia 4500 | ||
|---|---|---|---|
| 005 | 20250425162326.0 | ||
| 008 | 250425s9999 xx 000 0 und d | ||
| 020 | _a9871169213 | ||
| 041 | _aspa | ||
| 082 | _a629.254 | ||
| 100 | _aVERDAGUER, ALBERTO | ||
| 245 | 0 | _aMANUAL DE CIRCUITOS ELECTRICOS DEL AUTOMOTOR: CIRCUITOS, CABLEADOS, COMPONENTES, ACTUADORES, FUSIBLES Y RELES | |
| 250 | _a1A ED. | ||
| 260 |
_aArgentina _bALBERTO VERDAGUER _c2005 |
||
| 260 | _aBUENOS AIRES | ||
| 300 | _a752 | ||
| 650 | _aAUTOMOVILES | ||
| 650 | _aCIRCUITOS ELECTRICOS | ||
| 650 | _aEQUIPO ELECTRICO | ||
| 650 | _aLOCALIZACION DE AVERIAS | ||
| 942 | _c01 | ||
| 010 | _a62302 | ||
| 999 |
_c226907 _d226907 |
||